Logo BPK

Biblioteka

Politechniki Koszalińskiej

How we survived communism and even laughed / (Rekord nr 47695)

Szczegóły MARC
000 -ETYKIETA REKORDU
podpole kontrolne o stałej długości 00710nam a2200241 i 4500
001 - NUMER KONTROLNY REKORDU
pole kontrolne bgj
020 ## - MIĘDZYNARODOWY ZNORMALIZOWANY NUMER KSIĄŻKI - ISBN
ISBN 0393030768
040 ## - ŹRÓDŁO KATALOGOWANIA
Instytucja, która utworzyła rekord BPK
041 0# - KOD JĘZYKA
Kod języka tekstu eng
920 ## - Międzynarodowy znormalizowany numer książki – ISBN
ISBN 0-393-03076-8
008 - POLE O STAŁEJ DŁUGOŚCI - DANE KONTROLNE
podpole kontrolne o stałej długości s uk f |000 0 eng
100 1# - NAZWA OSOBOWA
Nazwa osobowa DRAKULI'C, Slavenka
Daty związane z nazwą (1949- ).
245 10 - TYTUŁ/ODPOWIEDZIALNOŚĆ
Tytuł How we survived communism and even laughed /
Pozostałe elementy strefy tytułu i oznaczenia odpowiedzialności Slavenka Drakuli'c.
250 ## - STREFA WYDANIA
Oznaczenie wydania 1st American ed.
260 ## - STREFA ADRESU WYDAWNICZEGO
Miejsce wydania New York ;
-- London :
Nazwa wydawcy/dystrybutora W.W. Norton & Company,
Data publikacji, dystrybucji/powstania dokumentu 1992.
300 ## - STREFA OPISU FIZYCZNEGO
Objętość XVII, 189 pp ;
Rozmiary 24 cm.
600 19 - HASŁO PRZEDMIOTOWE W FORMIE NAZWY OSOBOWEJ
Nazwa osobowa Drakuli'c, Slavenka, 1949-
650 #9 - HASŁO PRZEDMIOTOWE W FORMIE NAZWY OGÓLNEJ LUB JEDNOSTKOWEJ
Nazwa ogólna lub geograficzna Authors, Yugoslav
651 #9 - HASŁO PRZEDMIOTOWE W FORMIE NAZWY GEOGRAFICZNEJ
Nazwa geograficzna Europe, Eastern
651 #9 - HASŁO PRZEDMIOTOWE W FORMIE NAZWY GEOGRAFICZNEJ
Nazwa geograficzna Europe, Eastern
Określnik ogólny Politics and Government
Określnik chronologiczny 1945-
655 ## - TERMIN INDEKSOWY - OKREŚLENIE RODZAJU/FORMY DOKUMENTU
Określenie rodzaju/formy dokumentu Biographies
942 ## - DODATKOWE ELEMENTY (KOHA)
Typ dokumentu Książka
Egzemplarze
Wycofany Status egzemplarza Uszkodzony Dostępność Lokalizacja stała Lokalizacja bieżąca Miejsce przechowywania Sygnatura Kod kreskowy Typ dokumentu
      Dostępny Biblioteka Politechniki Koszalińskiej Biblioteka Politechniki Koszalińskiej Wypożyczalnia Językowa KA 4241 09019089 Książka
      Dostępny Biblioteka Politechniki Koszalińskiej Biblioteka Politechniki Koszalińskiej Wypożyczalnia Językowa KA 4242 09019072 Książka
© 2023 Biblioteka Politechniki Koszalińskiej :: KOHA